Experiments in dilution jet mixing /

Bibliographic Details
Main Author: Holdeman, J. D.
Corporate Author: Lewis Research Center
Other Authors: Srinivasan, R. (Ram), 1947-, Berenfeld, A.
Format: Government Document Book
Language:English
Published: Cleveland, Ohio : [Hanover, Md.] : National Aeronautics and Space Administration, Lewis Research Center ; Available from the NASA Center AeroSpace Information, [1983]
Series:NASA technical memorandum ; 83434.
Subjects:
Online Access:https://purl.fdlp.gov/GPO/LPS43292

MARC

Tag First Indicator Second Indicator Subfields
LEADER 00000cam a2200000Ka 4500
001 in00001828107
005 20211202201123.0
006 m o d f
008 040204s1983 ohu o f000 0 eng d
027 |a AIAA-83-1201 
035 |a (OCoLC)ocm54352426 
040 |a GPO  |c GPO  |d OCLCQ  |d OCLCG  |d SYB  |d OCLCQ  |d GPO  |d MvI  |d UtOrBLW 
049 |a WWW 
074 |a 0830-D (online) 
086 0 |a NAS 1.15:83434 
100 1 |a Holdeman, J. D. 
245 1 0 |a Experiments in dilution jet mixing /  |c J.D. Holdeman, and R. Srinivasan and A. Berenfeld ; prepared for the Nineteenth Joint Propulsion Conference cosponsored by the AIAA, SAE, and ASME, Seattle, Washington, June 27-29, 1983. 
264 1 |a Cleveland, Ohio :  |b National Aeronautics and Space Administration, Lewis Research Center ;  |a [Hanover, Md.] :  |b Available from the NASA Center AeroSpace Information,  |c [1983] 
336 |a text  |b txt  |2 rdacontent 
337 |a computer  |b c  |2 rdamedia 
338 |a online resource  |b cr  |2 rdacarrier 
490 1 |a NASA technical memorandum ;  |v 83434 
500 |a Title from title screen (viewed on Feb. 4, 2004). 
538 |a Mode of access: Internet from the GLTRS/GRC/NASA web site. Address as of 02/04/04: http://gltrs.grc.nasa.gov/reports/1983/TM-83434.pdf ; current access available via PURL. 
500 |a Title from title screen (viewed Feb. 4, 2004). 
500 |a Electronic resource. 
650 7 |a Gas turbine engines.  |2 nasat 
650 7 |a Jet mixing flow.  |2 nasat 
650 7 |a Dilution.  |2 nasat 
650 7 |a Jets-in-crossflow.  |2 nasat 
650 0 |a Gas-turbines  |x Combustors. 
650 0 |a Jet planes  |x Fuel. 
650 0 |a Dilution. 
700 1 |a Srinivasan, R.  |q (Ram),  |d 1947- 
700 1 |a Berenfeld, A. 
710 2 |a Lewis Research Center. 
830 0 |a NASA technical memorandum ;  |v 83434. 
856 4 0 |u https://purl.fdlp.gov/GPO/LPS43292  |t 0 
999 |a MARS 
999 f f |s 7eaed65e-2a5f-3fb9-9f39-fe6314f23510  |i faeb61cf-a8a4-3f36-84e4-9d8139050b54  |t 0 
952 f f |a Texas A&M University  |b College Station  |c Electronic Resources  |d Available Online  |t 0  |e NAS 1.15:83434  |h Superintendent of Documents classification 
998 f f |a NAS 1.15:83434  |t 0  |l Available Online